Представление документа в формате RUSMARC

ПолеНазваниеЗначение
  Тип записи a
  Библиографический уровень m
001 Контрольный номер UONB/MAIN/1024b8b4e2ad47cabc1332fe6c0f3889
005 Дата корректировки 20260311153400.1
010 Индекс ISBN __
d Цена 20 к.
9 Тираж 30000 экз.
100 Данные общей обработки __
a Данные общей обработки 20250806d1985 u y0rusy0189 ca
101 Язык документа 0_
a Язык текста rus
102 Страна публикации __
a Страна публикации UZ
105 Кодированные данные (монография) __
a Кодированные данные (монография) y z 000yy
200 Заглавие и сведения об ответственности 1_
a Заглавие Три жизни архитектора Зотова
e Сведения, относящиеся к заглавию документальная повесть
f Первые сведения об ответственности В. Б. Стриньковский
203 Вид содержания и тип средства __
a Вид содержания Текст
b Характеристика содержания визуальный
c Тип средства непосредственный
210 Выходные данные 1_
a Место издания Ташкент
c Издательство Издательство литературы и искусства
d Дата издания 1985
215 Физическое описание __
a Объем 71 с.
d Формат 16 см
606 Тематические рубрики 0_
a Основная рубрика Советская архитектура
606 Тематические рубрики 0_
a Основная рубрика Города
x Основная подрубрика Планировка и строительство
y Географическая подрубрика Ташкент
606 Тематические рубрики 0_
a Основная рубрика Слепые
x Основная подрубрика Участие в общественной и производственной жизни
606 Тематические рубрики 0_
a Основная рубрика Инвалиды Великой Отечественной войны 1941-1945 гг.
x Основная подрубрика Участие в общественной и производственной жизни
610 Ключевые слова 0_
a Ключевые слова советская архитектура; строительство в Ташкенте; планировка города Ташкента; документальные повести
686 Индексы других классификаций __
a Классификационный индекс 85.113(2)6-8
2 Код системы rubbk
700 Автор _1
a Фамилия Стриньковский
b Имя (инициалы) В. Б.
g Полное личное имя Владимир Борисович
801 Источник записи _0
a Страна RU
b Организация Ульяновская ОНБ
c Дата составления 20250806
g Правила каталогизации RCR
801 Источник записи _1
a Страна RU
b Организация Ульяновская ОНБ
c Дата составления 20250806
g Правила каталогизации RCR
901 Тип документа __
t Тип документа m
909 Создатель записи __
a Создатель записи Казакова
b Дата создания записи 20250806